| 000 | 00548nam a2200181Ia 4500 | ||
|---|---|---|---|
| 008 | 090711s9999 xx 000 0 und d | ||
| 082 | _b78640 | ||
| 100 | _aसावे खंडेराव | ||
| 245 | _aवारली | ||
| 260 |
_bकॉन्टीनेन्टल प्रकाशन _c1996 |
||
| 300 | _a204 | ||
| 600 | _aसावे खंडेराव | ||
| 630 | _aवारली | ||
| 700 | _aसावे खंडेराव | ||
| 700 | _aपाटील मीना | ||
| 730 | _aवारली | ||
| 942 | _cBOOK | ||
| 999 |
_c290506 _d290506 |
||